000 01327nam a2200241Ia 4500
001 IA_6625,23/10/2017,23/10/2017,5232272017 mx nmel8223123322spa16,"
002 Jalisco / Aleyda Ramírez Díaz ; dirección Diana América Reyna Izaguirre ; asesoría Francisco Razo López y Víctor Darwin Bolaños Hernández
008 220117so / xx 000 0 und d
010 _a187454
090 _aTesis R36 2017
100 _aRamírez Díaz
_9159715
260 _aMéxico :
_bEl autor,
_co /
300 _aiv
500 _aEl CD contiene reporte
502 _aTesis (Ing. Agr. Esp. en Ingeniería Agroindustrial) -- UACh. Departamento de Ingeniería Agroindustrial
504 _aBibliografía: h. 91-94
505 _a3 planos \ 1. Plano de distribución de área y diagrama de proceso \ 2. Diagrama de proceso \ 3. Plano fachado principal y corte longitudinal
520 _aEl país a traviesa una situación económica critica por la que resulta prioritario buscar fuentes alternar para mejorar la economía o bien la generación de empleos que garanticen ingresos económicos a las familias mexicanas dándole prioridad aquellas en estado de vulnerabilidad
901 _apara que puedan tener una mejor calidad de vida.
904 _ao /
942 _c2017
999 _c187454
_d187454